| 000 | 01037nam a22002537a 4500 | ||
|---|---|---|---|
| 005 | 20240530110509.0 | ||
| 008 | 151026s2010 ua a g 000 0 ara d | ||
| 017 |
_a2010/17360 _bمصر . دار الكتب المصرية |
||
| 040 | _aEG-CaGPL | ||
| 082 | 0 | 4 |
_221 _a962.4\ _bم ت |
| 100 | 0 | _aمحمد نعيم . | |
| 245 | 1 | 0 |
_aتفتيت السودان : _bالحقيقة : الخيال و المسئولية / _cتاليف محمد نعيم . |
| 250 | _aط1. | ||
| 260 |
_aالقاهرة : _bمكتبة جزيرة الورد ، _c2010 . |
||
| 300 |
_a384 ص ؛ _c24 سم . |
||
| 650 | 0 | 4 | _aاتفاقية السلام . |
| 651 | 0 | 4 | _aالسودان . |
| 651 | 0 | 4 |
_aالسودان _xتاريخ _yالعصر الحديث . |
| 651 | 0 | 4 |
_aالسودان _xالخطاب السياسى . |
| 651 | 0 | 4 |
_aالسودان _xالفساد السياسى . |
| 651 | 0 | 4 |
_aالسودان _xعلاقات خارجية _zالولايات المتحدة الامريكية . |
| 942 |
_2ddc _cBK |
||
| 999 |
_c61632 _d61632 |
||